| 000 | 02159cam a2200361 a 4500 | ||
|---|---|---|---|
| 001 | 15409436 | ||
| 003 | OSt | ||
| 005 | 20150408114001.0 | ||
| 008 | 111217s2009 enk b 001 0 eng | ||
| 010 | _a 2008035628 | ||
| 020 | _a9780195368123 (hc : alk. paper) | ||
| 020 | _a0195368126 | ||
| 035 | _a(OCoLC)ocn244354520 | ||
| 040 |
_aDLC _cMU |
||
| 050 | 0 | 0 |
_aPN56.M54 _bO47 2009 |
| 082 | 0 | 0 |
_a809.9112 O L M _222 |
| 100 | 1 |
_aOlson, Liesl. _98690 |
|
| 245 | 1 | 0 |
_aModernism and the ordinary / _cLiesl Olson. |
| 260 |
_aOxford ; _aNew York : _bOxford University Press, _c2009. |
||
| 300 |
_axiii, 200 p. ; _c25 cm. |
||
| 504 | _aIncludes bibliographical references (p. 175-189) and index. | ||
| 505 | 0 | _aIntroduction. The paradox of the ordinary -- Everyday life theory -- The nineteenth century and the everyday -- Ordinary life and modern war -- James Joyce and the realism of the ordinary. Ibsen and epiphany -- The lists of Ulysses -- Virginia Woolf and the "cotton wool of daily life". -- Poetry versus prose -- Mrs. Dalloway -- Facts and things -- Gertrude Stein, William James, and habit in the shadow of war. Habit : "the enormous fly-wheel of society" -- "Suspended in time" -- A "perfectly ordinary couple living an ordinary life" -- Wallace Stevens's commonplace. The normal poet -- "An ordinary evening in New Haven" -- Conclusion. Beginnings and endings : Proust's temporality and the everyday. | |
| 650 | 0 | _aModernism (Literature) | |
| 650 | 0 |
_aRealism in literature. _98691 |
|
| 650 | 0 |
_aLiterature, Modern _y20th century _xHistory and criticism. _98692 |
|
| 650 | 0 |
_aLiterature, Modern _y19th century _xHistory and criticism. _98693 |
|
| 856 | 4 | 1 |
_3Table of contents only _uhttp://www.loc.gov/catdir/toc/ecip0826/2008035628.html |
| 856 | 4 | 2 |
_3Contributor biographical information _uhttp://www.loc.gov/catdir/enhancements/fy0916/2008035628-b.html |
| 856 | 4 | 2 |
_3Publisher description _uhttp://www.loc.gov/catdir/enhancements/fy0916/2008035628-d.html |
| 906 |
_a7 _bcbc _corignew _d1 _eecip _f20 _gy-gencatlg |
||
| 942 |
_2ddc _cDVD |
||
| 999 |
_c20091 _d254591 |
||